Statistics for British football teams with the largest fanbases

Click here to take the quiz!

General Stats

  • This quiz has been taken 177 times
    (163 since last reset)
  • The average score is 14 of 20

Answer Stats

HintAnswer% Correct
4,209,000Manchester united
99%
3,133,000Liverpool
99%
2,652,000Arsenal
97%
1,485,000Chelsea
97%
886,000Manchester city
93%
1,240,000Tottenham
91%
628,000Everton
86%
938,000Leeds united
78%
700,000Aston villa
77%
691,000West ham
75%
1,406,000Celtic
73%
1,430,000Rangers
72%
553,000Leicester city
60%
429,000Southampton
55%
384,000Wolverhampton wanderers
47%
371,000Sheffield wednesday
45%
1,159,000Newcastle united
38%
458,000Norwich city
36%
398,000Heart of midlothian
31%
452,000Middlesbrough
25%

Score Distribution

Percentile by Number Answered

Percent of People with Each Score

Your Score History

You have not taken this quiz since the last reset